Constructivismo lg̤ico-semńtico Volume 3

Detalles Bibliográficos
Autor principal: de Barros Carvalho, Paulo
Otros Autores: Tomazini de Carvalho, Aurora
Formato: eBook
Lenguaje:portugués
Publicado: San Pablo: Editora Noeses, 2020
Materias:
Acceso en línea:Acceso restringido

MARC

LEADER 00000nam a22000007a 4500
005 20201117222847.0
007 cr|||| ||||
008 201117s2020 br |||||s|||| 00||0 por d
020 |a 978-85-8310-146-8 
035 |a 32342 
040 |a vLex 
090 |c 10883  |d 10883 
100 1 |a de Barros Carvalho, Paulo 
245 1 0 |a Constructivismo lg̤ico-semńtico  |h [Recurso electrn̤ico] /  |c Paulo de Barros Carvalho, Aurora Tomazini de Carvalho  |n Volume 3 
256 |a Servicio en ln̕ea 
260 |a San Pablo:  |b Editora Noeses,  |c 2020 
300 |a 1 recurso electrn̤ico 
506 1 |a Disponible solo en los productos indicados  |d vLex Global  |d vLex Global (Academic Edition, excluding Law Schools)  |d vLex Global (U.S. Academic Edition, Law Schools)  |d vLex Global (U.S. Academic Edition, excluding Law Schools)  |d vLex Global (Academic Edition, Law Schools) 
650 0 4 |a Ciencias sociales  |z Brasil 
700 1 |a Tomazini de Carvalho, Aurora 
740 0 |a vLex Libros (Servicio en ln̕ea) 
856 4 0 |u http://vlex.com/source/constructivismo-logico-sem-ntico-volume-3-32342  |z Acceso restringido 
942 |c BOOK 
999 0 |a Social Sciences